| 000 | 01722cab a2200217 4500 | ||
|---|---|---|---|
| 001 | L136014 | ||
| 008 | 070102n2006 000 0 eng u | ||
| 035 | _a(Sirsi) u136014 | ||
| 041 | 0 | _aeng | |
| 245 | 0 | 0 | _aRobert Reichmann and Monica Dunn v. Sarah Beveridge and Matthew Gauntlett |
| 260 | _c2006 | ||
| 520 | _a[2006] EWCA Civ 1659, 13 December 2006. Concerns a case where a tenant failed to pay rent due under a lease, abandoning the premises. The landlord sued for the arrears, seeking a money judgment for the sums due. The tenant served a defence alleging that the landlord had failed to mitigate their loss by failing to market the premises, and failing to accept the offer of a prospective tenant who wanted to take an assignment or new lease, and furthermore failing to accept an offer to negotiate payment of a consideration for a surrender of the lease. "Held": the tenant's argument failed to take into account the consequences of the premature termination of a tenancy or the limited scope for the intervention of equity. A tenant could not successfully invoke equity in that way, "Gator Shipping Corporation v Trans-Asiatic Oil SA and Occidental Shipping Etablissement SA ([1978] 2 Lloyd's Rep 357" considered. | ||
| 590 | _aKA | ||
| 650 | 2 | 4 | _aLANDLORD AND TENANT ACT 1985 |
| 650 | 2 | 4 | _aGATOR SHIPPING CORPORATION V TRANS-ASIATIC OIL V. OCCIDENTAL SHIPPING ESTABLISHMENT |
| 650 | 2 | 4 | _aREICHMANN AND ANOTHER V BEVERIDGE AND ANOTHER |
| 651 | 4 |
_aEngland _y886- |
|
| 690 | _aPROPERTY-COMMERCIAL PROPERTY-LEASEHOLD COMMERCIAL PROPERTY-COMMERCIAL LANDLORD AND TENANT | ||
| 856 | 4 | 0 |
_uhttps://www.bailii.org/ew/cases/EWCA/Civ/2006/1659.html _zView the item free of charge at www.bailii.org... |
| 942 | _n0 | ||
| 999 |
_c78096 _d78096 |
||